Guess the LOTR characters by emoji - Statistics

General Stats
  • This quiz has been taken 72 times
  • The average score is 20 of 27
Answer Stats
Hint Answer % Correct
πŸ‘‘πŸ™‹ Aragorn King Elessar
98%
πŸͺ“πŸ§” Gimli son of Gloin
98%
🧝🏹 Legolas Greenleaf
98%
πŸ’πŸ€ Frodo Baggins
93%
πŸ§‘β€πŸŒΎπŸ€ Samwise Gamgi
91%
πŸŒ‘πŸ’πŸ”₯ Sauron
91%
πŸ™‹πŸ€1 Meriadoc (Merry) Brandybuck
89%
πŸ§™βšͺ Saruman the White
89%
πŸ™‹πŸ€2 Pereguin (Pippin) Took
88%
πŸ™‹πŸ“―πŸ›‘ Boromir of Gondor
82%
πŸ§πŸ‘‘β™‚2 Elrond
80%
πŸ§™πŸŸ€ Radagast the Brown
80%
πŸ§™πŸ©Ά Gandalf the Grey
79%
πŸ•· Shelob
79%
πŸ§πŸ‘‘β™‚ Gil-Galad
77%
πŸ’πŸ€πŸ‘Ώ Gollum/Smeagol
77%
πŸ§πŸ‘‘β™€ Galadriel
75%
πŸ§™πŸ€ Gandalf the White
75%
πŸ‰β›° Smaug
71%
πŸ™‹πŸΉ Faramir of Gondor
66%
πŸ™‹πŸ‘‘2 King Theoden of Rohan
66%
πŸ§”β›°πŸŒ²πŸ›‘ Thorin Oakenshield
59%
πŸŒ²πŸ™‹ Treebeard
57%
πŸ§πŸ‘‘β™‚3 Celeborn
54%
πŸ”₯πŸ‘Ώ Balrog
48%
πŸ§™πŸ‘‘πŸŒ‘ The Witch King of Angmar
38%
πŸ‘‘πŸ™‹πŸ’ Isildur
36%
No matching quizzes found
Score Distribution
Percent of People with Each Score
Percentile by Number Answered
Your Score History
You have not taken this quiz